Financial accounting : An introduction to concepts, methods, and uses
The book presents a general overview of the principal financial statements; discusses the basic accounting model accountants use to generate the principal financial statements. It considers the specific accounting priciples or methods used in preparing the financial statements. Finally, The book com...
محفوظ في:
| المؤلف الرئيسي: | |
|---|---|
| التنسيق: | كتاب |
| اللغة: | Undetermined |
| منشور في: |
Orlando, Florida
Dryden Press
1997
|
| الموضوعات: | |
| الوسوم: |
إضافة وسم
لا توجد وسوم, كن أول من يضع وسما على هذه التسجيلة!
|
| Thư viện lưu trữ: | Trung tâm Học liệu Trường Đại học Cần Thơ |
|---|
| LEADER | 01132nam a2200229Ia 4500 | ||
|---|---|---|---|
| 001 | CTU_32181 | ||
| 008 | 210402s9999 xx 000 0 und d | ||
| 020 | |c 358000 | ||
| 082 | |a 657 | ||
| 082 | |b S854 | ||
| 100 | |a Stickney, Clyde P. | ||
| 245 | 0 | |a Financial accounting : | |
| 245 | 3 | |b An introduction to concepts, methods, and uses | |
| 245 | 0 | |c Clyde P. Stickney, Roman L. Weil | |
| 260 | |a Orlando, Florida | ||
| 260 | |b Dryden Press | ||
| 260 | |c 1997 | ||
| 520 | |a The book presents a general overview of the principal financial statements; discusses the basic accounting model accountants use to generate the principal financial statements. It considers the specific accounting priciples or methods used in preparing the financial statements. Finally, The book combines effects of alternative accounting methods on the financial statements. The end of the book includes a comprehensive glossary of accounting terms | ||
| 650 | |a Corporations,Financial management,Financial statements,Managerial accounting | ||
| 650 | |x Accounting | ||
| 904 | |i Minh, Hải | ||
| 980 | |a Trung tâm Học liệu Trường Đại học Cần Thơ | ||